Acta oeconomica Cassoviensia no 10
Guardado en:
| Autor Corporativo: | |
|---|---|
| Otros Autores: | |
| Formato: | Libro |
| Lenguaje: | eslovaco inglés |
| Publicado: |
Košice
Podnikovohospodárska fakulta EU so sídlom v Košiciach
2006
|
| Materias: | |
| Etiquetas: |
Sin Etiquetas, Sea el primero en etiquetar este registro!
|
MARC
| LEADER | 00000nam$a2200000$$$4500 | ||
|---|---|---|---|
| 001 | 0046830 | ||
| 005 | 20240502071535.6 | ||
| 020 | |a 80-225-2200-7 | ||
| 041 | 0 | |a slo | |
| 041 | 0 | |a eng | |
| 044 | |a SK | ||
| 245 | 1 | 0 | |a Acta oeconomica Cassoviensia no 10 |c [vedecký redaktor: Tatiana Varcholová] |
| 264 | 1 | |a Košice |b Podnikovohospodárska fakulta EU so sídlom v Košiciach |c 2006 | |
| 300 | |a 300 s. | ||
| 610 | 2 | 0 | |a procesy podnikové |
| 610 | 2 | 0 | |a systémy informačné podnikové |
| 610 | 2 | 0 | |a výkony podnikové |
| 610 | 2 | 0 | |a investície finančné |
| 610 | 2 | 0 | |a politika podniková |
| 610 | 2 | 0 | |a hospodárstvo podnikové |
| 700 | 1 | |a Varcholová, Tatiana | |
| 710 | 2 | |a Ekonomická univerzita v Bratislave. Podnikovohospodárska fakulta so sídlom v Košiciach | |